000 00456nam a22001577a 4500
005 20251108170951.0
008 250721s1986 xx 000 0 ara d
082 1 4 _a612.23/محي
100 1 _aالعلبي، محي الدين طالو
245 1 0 _aتطور الجنين و صحة الحامل /
264 1 _aبيروت :
_bدار ابن كثير،
_c1986.
300 _a423ص
650 1 7 _aصحة المرأة
942 _2ddc
_cBK
999 _c53259
_d53259